000 00691cam a2200229 4500
001 sa 68015449
003 DLC
005 20260227112643.0
008 700407s1968 ii 00010 eng
010 _asa 68015449 //r912
025 _aPL480:I-E-11154
040 _aDLC
_cDLC
_dDLC
050 0 0 _aPR9823
_b.G3
082 0 0 _a809.8/96/8
100 1 0 _aGajjar, M.,
_d1920-
245 1 0 _aSouth African literature,
_cby M. Gajjar.
260 0 _aCalcutta,
_bIntertrade Publications,
_c1968.
300 _a50 p.
_c19 cm.
350 _a5.00
_a($2.00)
650 0 _aSouth African literature (English)
_xHistory and criticism.
650 0 _aAfrikaans literature
_y20th century
_xHistory and criticism.
999 _c86462
_d86462